[Event "Capablanca Mem Elite"]
[Site "?"]
[Date "2005.05.19"]
[Round "14"]
[White "Bruzon Lazaro"]
[Black "Ivanchuk Vassily"]
[Result "1/2-1/2"]
[WhiteElo "2669"]
[BlackElo "2739"]
[PlyCount "101"]
[EventDate "2005.??.??"]
[Source "www.chesslib.no"]
[SourceDate "2004.05.04"]

1. d4 Nf6 2. Nf3 g6 3. Bg5 Bg7 4. Nbd2 c5 5. e3 Qb6 6. Nc4 Qc7 7. c3 O-O 8. Be2 d6 9. O-O Nbd7 10. a4 b6 11. h3 Bb7 12. Rc1 Rac8 13. Re1 Qb8 14. Bf1 Rfd8 15. Ncd2 Qa8 16. Qb3 Rc7 17. Rcd1 Rdc8 18. Bh4 a6 19. Bc4 e6 20. Bf1 Bd5 21. Qa3 Bf8 22. Bg3 Qb7 23. Bd3 b5 24. e4 Bc6 25. axb5 axb5 26. Ra1 cxd4 27. Bxd6 dxc3 28. bxc3 Bxd6 29. Qxd6 Qb6 30. Reb1 Qc5 31. Qd4 Ra8 32. Rxa8+ Bxa8 33. Rb3 e5 34. Qb4 Qxb4 35. cxb4 Rc1+ 36. Kh2 Bc6 37. Ra3 Kf8 38. Ra5 Ke7 39. Bxb5 Bxb5 40. Rxb5 Rc8 41. Rb7 h6 42. g3 Ne8 43. Kg1 Nd6 44. Ra7 Nb5 45. Ra5 Nd6 46. Kf1 Rb8 47. Ra4 f5 48. Ke1 fxe4 49. Nh4 Nb6 50. Nxg6+ Ke6 51. Ra5 1/2-1/2

[Event "6. EICC playoff"]
[Site "?"]
[Date "2005.07.02"]
[Round "3.2"]
[White "Ivanchuk Vassily"]
[Black "Eljanov Pavel"]
[Result "1-0"]
[WhiteElo "2739"]
[BlackElo "2641"]
[PlyCount "49"]
[EventDate "2005.??.??"]
[Source "www.chesslib.no"]
[SourceDate "2004.05.04"]

1. d4 Nf6 2. Nf3 g6 3. Bg5 Bg7 4. Nbd2 O-O 5. e4 d5 6. exd5 Nxd5 7. Nb3 h6 8. Bd2 Bg4 9. Be2 Nd7 10. h3 Be6 11. c4 N5b6 12. Qc1 Kh7 13. d5 Bf5 14. Bc3 e5 15. dxe6 Bxe6 16. Bxg7 Kxg7 17. Qc3+ Qf6 18. Qxf6+ Kxf6 19. Na5 Na4 20. O-O-O Nac5 21. Nd4 Ne5 22. f4 Ned7 23. Nxe6 Kxe6 24. Rhe1 Rad8 25. b4 1-0

[Event "Alma-Ata m2"]
[Site "Alma Ata KAZ"]
[Date "1995.??.??"]
[Round "?"]
[White "Karpov, Anatoly"]
[Black "Tkachiev, Vladislav"]
[Result "0-1"]
[WhiteElo "2765"]
[BlackElo "2575"]
[PlyCount "102"]
[EventDate "1995.??.??"]
[Source "www.chesslib.no"]
[SourceDate "2004.05.04"]

1. d4 Nf6 2. Nf3 g6 3. Bg5 Bg7 4. Nbd2 O-O 5. e4 d6 6. Be2 c5 7. dxc5 dxc5 8. O-O Nc6 9. c3 Qc7 10. h3 h6 11. Be3 b6 12. Qc2 Bb7 13. a4 Rfd8 14. Rfd1 Rac8 15. Nc4 a6 16. Rxd8+ Rxd8 17. Rd1 Rxd1+ 18. Bxd1 Nd7 19. Be2 Kh7 20. Ne1 Nde5 21. Nf3 Nxf3+ 22. Bxf3 b5 23. axb5 axb5 24. Na3 Ne5 25. Be2 c4 26. f4 Nd3 27. Bxd3 cxd3 28. Qxd3 b4 29. cxb4 Bxb2 30. Nb5 Qc6 31. Bd4 Qc1+ 32. Qf1 Bxd4+ 33. Nxd4 Qe3+ 34. Qf2 Qxe4 35. b5 h5 36. b6 Qb1+ 37. Kh2 Qxb6 38. Qe3 Qf6 39. Qe5 Qxe5 40. fxe5 h4 41. g3 g5 42. gxh4 gxh4 43. Nf5 e6 44. Nxh4 Kh6 45. Kg3 Kg5 46. Nf3+ Bxf3 47. Kxf3 Kf5 48. h4 Kxe5 49. h5 Kf5 50. h6 Kg6 51. Kf4 Kxh6 0-1

[Event "St Petersburg"]
[Site "St Petersburg"]
[Date "1997.??.??"]
[Round "5"]
[White "Salov, Valery"]
[Black "Svidler, Peter"]
[Result "1/2-1/2"]
[WhiteElo "2665"]
[BlackElo "2640"]
[PlyCount "34"]
[EventDate "1997.04.17"]
[Source "ChessBase"]
[SourceDate "1997.08.01"]

1. d4 Nf6 2. Nf3 g6 3. Bg5 Bg7 4. Nbd2 O-O 5. e3 c5 6. c3 cxd4 7. exd4 b6 8. Bd3 Bb7 9. O-O d6 10. Re1 Nbd7 11. a4 h6 12. Bxf6 Nxf6 13. Qe2 e6 14. Ba6 Bc6 15. Bb5 Bb7 16. Ba6 Bc6 17. Bb5 Bb7 1/2-1/2

[Event "Foxwoods Open"]
[Site "Connecticut USA"]
[Date "2008.03.21"]
[Round "5"]
[White "Ibragimov, Ildar"]
[Black "Perelshteyn, Eugene"]
[Result "1/2-1/2"]
[WhiteElo "2656"]
[BlackElo "2615"]
[PlyCount "80"]
[EventDate "2008.03.19"]
[Source "www.chesslib.no"]
[SourceDate "2004.05.04"]

1. d4 Nf6 2. Nf3 g6 3. Bg5 Bg7 4. Nbd2 c5 5. e3 cxd4 6. exd4 Nc6 7. c3 d5 8. Bd3 Bf5 9. Bxf5 gxf5 10. O-O Ne4 11. Bf4 e6 12. Ne1 O-O 13. f3 Nd6 14. Nd3 Ne7 15. Bg5 f6 16. Bf4 Ng6 17. Re1 Re8 18. Qb3 Nf7 19. Be3 b6 20. c4 dxc4 21. Nxc4 Rc8 22. Na3 Qd7 23. Rad1 Bf8 24. Nb5 Nd6 25. Nc3 Nc4 26. Nc5 bxc5 27. Qxc4 cxd4 28. Qxd4 Qxd4 29. Bxd4 Bc5 30. Bxc5 Rxc5 31. Rd7 Ne5 32. Rxa7 Nd3 33. Rd1 Nxb2 34. Rdd7 Rxc3 35. Rg7+ Kh8 36. Rxh7+ Kg8 37. h4 Rc1+ 38. Kh2 f4 39. Rag7+ Kf8 40. Rb7 Kg8 1/2-1/2

[Event "Belgrade Invest"]
[Site "Belgrade"]
[Date "1995.??.??"]
[Round "7"]
[White "Timman, Jan H"]
[Black "Topalov, Veselin"]
[Result "1/2-1/2"]
[WhiteElo "2595"]
[BlackElo "2670"]
[PlyCount "81"]
[EventDate "1995.11.??"]
[Source "ChessBase"]

1. Nf3 Nf6 2. d4 g6 3. Bg5 Bg7 4. c3 d6 5. Nbd2 O-O 6. e4 c5 7. Bd3 cxd4 8. cxd4 h6 9. Bh4 Nh5 10. O-O g5 11. Bg3 g4 12. Nh4 Nxg3 13. hxg3 Bxd4 14. Nf5 Bxf5 15. exf5 h5 16. f6 Nd7 17. fxe7 Qxe7 18. Bf5 Nc5 19. Nc4 Qf6 20. Qd2 d5 21. Ne3 Ne4 22. Bxe4 dxe4 23. Nd5 Qe5 24. Rfd1 Qxd5 25. Qxd4 Qxd4 26. Rxd4 f5 27. Rc1 Rac8 28. Rxc8 Rxc8 29. Rd5 Rc1+ 30. Kh2 Kf7 31. Rxf5+ Ke6 32. Rxh5 Rc2 33. Rg5 Rxf2 34. Rxg4 Kd5 35. Rg7 e3 36. Re7 Kd4 37. g4 Kd3 38. g5 Rxb2 39. g6 Rb6 40. g7 Rg6 41. Rxb7 1/2-1/2

[Event "LXI Lega superiore camp. russo"]
[Site "Novokuznetsk RUS"]
[Date "2008.09.07"]
[Round "5"]
[White "Korotylev, A."]
[Black "Timofeev, Arty"]
[Result "0-1"]
[WhiteElo "2609"]
[BlackElo "2650"]
[PlyCount "76"]
[EventDate "2008.09.03"]
[Source "www.chesslib.no"]
[SourceDate "2004.05.04"]

1. d4 Nf6 2. Nf3 g6 3. Bg5 Bg7 4. Nbd2 c5 5. e3 d6 6. c3 O-O 7. Be2 cxd4 8. exd4 h6 9. Bh4 Nh5 10. Bc4 Nc6 11. O-O g5 12. Bg3 Nxg3 13. hxg3 Bf5 14. d5 Ne5 15. Nxe5 Bxe5 16. Nf3 Bf6 17. Bd3 Qd7 18. Nd4 Bg4 19. Qb3 Bxd4 20. cxd4 Rac8 21. Rae1 Rc7 22. Bb5 Qc8 23. Re3 a6 24. Bd3 Re8 25. Kh2 Bf5 26. f4 g4 27. a4 Kg7 28. Rfe1 Kf6 29. Bxf5 Qxf5 30. Rc3 Rd7 31. Rec1 h5 32. Rc8 Rdd8 33. Rxd8 Rxd8 34. Rc7 Qe4 35. Rxb7 Rc8 36. Qd1 Rc2 37. Qf1 Qe3 38. Qg1 Qf3 0-1

[Event "Moscow RUS"]
[Site "?"]
[Date "1992.??.??"]
[Round "?"]
[White "Salov Valery B"]
[Black "Ljubojevic Ljubomir"]
[Result "1/2-1/2"]
[WhiteElo "2655"]
[BlackElo "2600"]
[PlyCount "115"]
[EventDate "1992.??.??"]
[Source "www.chesslib.no"]
[SourceDate "2004.05.04"]

1. d4 Nf6 2. Nf3 g6 3. Bg5 Ne4 4. Bh4 d5 5. e3 Bg7 6. Nbd2 O-O 7. Be2 c5 8. c3 Nc6 9. O-O Qb6 10. Nxe4 dxe4 11. Nd2 Qxb2 12. Nxe4 cxd4 13. cxd4 Bf5 14. Bf3 Rfc8 15. Qb3 Qxb3 16. axb3 Bxe4 17. Bxe4 e6 18. g4 Bf8 19. Rfc1 Bd6 20. Bf6 Rc7 21. Bxc6 bxc6 22. Ra6 Rac8 23. h4 Kf8 24. Kg2 Ke8 25. g5 Kd7 26. h5 Rb8 27. hxg6 hxg6 28. Rca1 Rbb7 29. Kf3 Kc8 30. Ke4 Rxb3 31. Rxa7 Rxa7 32. Rxa7 Rb7 33. Ra8+ Rb8 34. Ra6 Kb7 35. Ra1 Ra8 36. Rh1 Kb6 37. Rh7 Ra7 38. Rh8 Rd7 39. f4 c5 40. dxc5+ Bxc5 41. Rc8 Bd6 42. Be5 Ba3 43. Rb8+ Kc6 44. Rc8+ Kb6 45. Bd4+ Kb7 46. Rc2 Be7 47. Bc5 Bd8 48. Bd4 Be7 49. Bf6 Bxf6 50. gxf6 Rd5 51. Kf3 Rf5 52. e4 Rxf6 53. Kg4 e5 54. fxe5 Re6 55. Rf2 Rxe5 56. Rxf7+ Kc6 57. Rf6+ Kd7 58. Rxg6 1/2-1/2

[Event "Tilburg"]
[Site "?"]
[Date "1996.??.??"]
[Round "?"]
[White "Van Wely, L."]
[Black "Leko, P."]
[Result "1/2-1/2"]
[WhiteElo "2605"]
[BlackElo "2630"]
[PlyCount "120"]
[EventDate "1996.??.??"]
[Source "ChessBase"]
[SourceDate "1996.10.01"]

1. d4 Nf6 2. Nf3 g6 3. Bg5 Bg7 4. Nbd2 O-O 5. c3 d6 6. e4 c5 7. dxc5 dxc5 8. Bc4 Nc6 9. O-O Qc7 10. Qe2 h6 11. Bh4 Nh5 12. Rfe1 Ne5 13. Nxe5 Bxe5 14. g3 Bh8 15. f4 Ng7 16. Qf3 Be6 17. Rad1 Rad8 18. Bxe6 Nxe6 19. f5 g5 20. fxe6 gxh4 21. Qg4+ Bg7 22. Qxh4 c4 23. Kg2 fxe6 24. Qg4 Rf6 25. Nf3 Rdf8 26. Nd4 h5 27. Qxh5 Rf2+ 28. Kh3 Qe5 29. Qxe5 Bxe5 30. Nxe6 R8f6 31. Rd8+ Kf7 32. Ng5+ Kg7 33. Rd7 Rh6+ 34. Kg4 Bf6 35. Ne6+ Kf7 36. Nf4 Rh8 37. h4 Rg8+ 38. Kh3 Be5 39. Rd5 Bxf4 40. Rf5+ Ke6 41. Rxf4 Rxb2 42. h5 b5 43. Rg4 Rxg4 44. Kxg4 Rxa2 45. h6 Rh2 46. Kg5 Ke5 47. g4 a5 48. Rb1 Kxe4 49. Rxb5 a4 50. Ra5 Kd3 51. Kg6 a3 52. h7 e5 53. Rxe5 Rxh7 54. Kxh7 Kxc3 55. Ra5 Kb2 56. g5 a2 57. g6 a1=Q 58. Rxa1 Kxa1 59. g7 c3 60. g8=Q c2 1/2-1/2

[Event "Calviá ol (Men)"]
[Site "Mallorca"]
[Date "2004.10.22"]
[Round "7.7"]
[White "Paragua, Mark"]
[Black "Krasenkow, Michal"]
[Result "1/2-1/2"]
[WhiteElo "2534"]
[BlackElo "2676"]
[PlyCount "80"]
[EventDate "2004.10.15"]
[Source "Roberto Alvarez"]
[SourceDate "2004.10.25"]

1. d4 Nf6 2. Nf3 g6 3. Bg5 Ne4 4. Bf4 d5 5. e3 c5 6. c3 Qb6 7. Qb3 c4 8. Qxb6 axb6 9. Na3 Bd7 10. Bxc4 dxc4 11. Nxc4 e6 12. Bxb8 Rxb8 13. Nxb6 Bb5 14. a4 Ba6 15. b4 Nxc3 16. b5 Nxa4 17. Rxa4 Bxb5 18. Ra1 Bd6 19. Rb1 Ba6 20. Kd2 Ke7 21. Rhc1 Rhd8 22. Ke1 f6 23. Rc3 g5 24. h3 h5 25. Nd2 g4 26. h4 f5 27. Ndc4 Bxc4 28. Nxc4 Rdc8 29. Kd2 Rc6 30. Rb5 Bc7 31. Kd3 b6 32. Ra3 Kf6 33. Ra7 Rc8 34. Ra4 Bd8 35. g3 Bc7 36. Rb3 Kg6 37. Rab4 Ra8 38. Rb2 Ra6 39. Rb5 Kf6 40. R5b4 Kg6 1/2-1/2

[Event "Las Vegas USA"]
[Site "?"]
[Date "2006.06.17"]
[Round "4"]
[White "Ehlvest Jaan"]
[Black "Ftacnik Lubomir"]
[Result "1/2-1/2"]
[WhiteElo "2607"]
[BlackElo "2597"]
[PlyCount "102"]
[EventDate "2006.??.??"]
[Source "www.chesslib.no"]
[SourceDate "2004.05.04"]

1. d4 Nf6 2. Nf3 g6 3. Bg5 Bg7 4. e3 d5 5. Be2 c5 6. c3 Qb6 7. Qb3 Nc6 8. Nbd2 O-O 9. O-O Bf5 10. h3 Rfc8 11. Rfe1 Be6 12. dxc5 Qxc5 13. Nd4 Nxd4 14. exd4 Qd6 15. a4 a6 16. a5 Re8 17. Bf1 h6 18. Be3 g5 19. Qc2 Rac8 20. Nb3 Nd7 21. Bd3 Rf8 22. Qe2 Rce8 23. Bc2 Nf6 24. Nc5 Bc8 25. Ba4 Rd8 26. Bd2 e6 27. b4 Ne4 28. Nxe4 dxe4 29. Qxe4 e5 30. Bc2 f5 31. Bb3+ Kh8 32. Qf3 exd4 33. cxd4 g4 34. Qf4 Qxf4 35. Bxf4 Rxd4 36. g3 Rxf4 37. gxf4 Bxa1 38. Rxa1 Bd7 39. Bd5 Bc6 40. Bxc6 bxc6 41. Rc1 Rf6 42. hxg4 fxg4 43. Rc4 h5 44. Kg2 h4 45. f5 Rxf5 46. Rxc6 Rf4 47. Rh6+ Kg7 48. Rxh4 Rxb4 49. Rh5 Rb3 50. Rg5+ Kf7 51. Rxg4 Rb5 1/2-1/2

[Event "TCh-CZE Extraliga 2003-4"]
[Site "Czech Rep"]
[Date "2004.02.08"]
[Round "7"]
[White "Cicak, Slavko"]
[Black "Smirin, Ilia"]
[Result "0-1"]
[WhiteElo "2528"]
[BlackElo "2670"]
[PlyCount "74"]
[EventDate "2004.01.08"]
[Source "Roberto Alvarez"]
[SourceDate "2004.04.05"]

1. d4 Nf6 2. Nf3 g6 3. Bg5 Bg7 4. Nbd2 O-O 5. e4 d5 6. exd5 Nxd5 7. c3 h6 8. Bh4 f5 9. Bc4 c6 10. O-O g5 11. Bxg5 hxg5 12. Nxg5 Qd6 13. Re1 Na6 14. f4 Nac7 15. Qh5 Qh6 16. Qf3 Kh8 17. g3 a5 18. Qf2 b5 19. Bf1 Ne6 20. h4 b4 21. Rac1 a4 22. a3 bxc3 23. bxc3 Rb8 24. Ndf3 Rb3 25. Bc4 Rxa3 26. Qb2 Nxg5 27. hxg5 Qd6 28. Ne5 Kg8 29. Ba2 Ba6 30. Bc4 Bxc4 31. Nxc4 Rb3 32. Qh2 Qg6 33. Ne5 Bxe5 34. Rxe5 Rf7 35. c4 Rh7 36. Qg2 Ne3 37. Qe2 Ng4 0-1

[Event "Luzern"]
[Site "?"]
[Date "1993.??.??"]
[Round "?"]
[White "Malaniuk, V."]
[Black "Kengis, E."]
[Result "1-0"]
[WhiteElo "2635"]
[BlackElo "2560"]
[PlyCount "81"]
[EventDate "1993.??.??"]
[Source "ChessBase"]
[SourceDate "1993.10.01"]

1. d4 Nf6 2. Nf3 g6 3. Bg5 Bg7 4. Nbd2 c5 5. c3 cxd4 6. cxd4 O-O 7. e3 d6 8. Be2 Nc6 9. O-O Bf5 10. Qb3 Na5 11. Qa3 h6 12. Bxf6 Bxf6 13. d5 b5 14. Nd4 Bxd4 15. exd4 Qb6 16. Qe3 Kg7 17. Rfc1 Rac8 18. b3 Rfe8 19. Nf1 Bd7 20. Rxc8 Bxc8 21. Rc1 Bd7 22. Bf3 e6 23. dxe6 Bxe6 24. d5 Qxe3 25. Nxe3 Rc8 26. Rxc8 Bxc8 27. Be2 Bd7 28. b4 Nb7 29. f4 g5 30. g3 Kf6 31. Kf2 gxf4 32. gxf4 Nd8 33. Bg4 Bxg4 34. Nxg4+ Kg6 35. Ne3 a6 36. Nc2 f5 37. Nd4 Kf6 38. Nc6 Nf7 39. Nb8 Ke7 40. Nxa6 Nd8 41. Nc7 1-0

[Event "BL"]
[Site "BL"]
[Date "1996.??.??"]
[Round "?"]
[White "Ftacnik, Lubomir"]
[Black "Nunn, John D M"]
[Result "1/2-1/2"]
[WhiteElo "2585"]
[BlackElo "2605"]
[PlyCount "35"]
[EventDate "1996.??.??"]
[Source "www.chesslib.no"]
[SourceDate "2004.05.04"]

1. d4 Nf6 2. Nf3 g6 3. Bg5 Bg7 4. Nbd2 O-O 5. e3 d5 6. Be2 c5 7. c3 Qb6 8. Qb3 Nc6 9. O-O e6 10. dxc5 Qa6 11. Nd4 Nd7 12. Nb1 Nxd4 13. Qc4 Nb3 14. Re1 Ne5 15. Qb4 Rb8 16. Nd2 Qa5 17. Nf1 Nxa1 18. Bh5 1/2-1/2

[Event "Haninge m"]
[Site "Haninge"]
[Date "1993.??.??"]
[Round "3"]
[White "Andersson, Ulf"]
[Black "Hellers, Ferdinand"]
[Result "1/2-1/2"]
[WhiteElo "2625"]
[BlackElo "2565"]
[PlyCount "74"]
[EventDate "1993.??.??"]
[Source "ChessBase"]

1. d4 Nf6 2. Nf3 g6 3. Bg5 Bg7 4. Nbd2 O-O 5. c3 d6 6. e3 Nbd7 7. Be2 e5 8. O-O Re8 9. dxe5 dxe5 10. Qc2 Qe7 11. e4 b6 12. Rfe1 Bb7 13. b4 Qf8 14. a3 Nh5 15. Bb5 c6 16. Bf1 f6 17. Be3 Rad8 18. Rad1 Qe7 19. Nc4 Nf8 20. Rxd8 Rxd8 21. Rd1 Ne6 22. Rxd8+ Qxd8 23. a4 Bf8 24. Qa2 Nhg7 25. a5 c5 26. bxc5 bxc5 27. Nfd2 Kh8 28. a6 Bc8 29. Na5 Qb6 30. Nb7 Be7 31. Qd5 Nc7 32. Qf7 Qe6 33. Qxe6 Ngxe6 34. Nb3 Nxa6 35. Bxa6 Nc7 36. Bc4 Bxb7 37. Nxc5 Bc6 1/2-1/2

[Event "Calcutta 75/51"]
[Site "?"]
[Date "1999.??.??"]
[Round "?"]
[White "Sashikiran, Krishnan"]
[Black "Fedorov, Alexei"]
[Result "0-1"]
[WhiteElo "2535"]
[BlackElo "2648"]
[PlyCount "80"]
[EventDate "1999.??.??"]
[Source "ChessBase"]
[SourceDate "1999.02.01"]

1. d4 Nf6 2. Nf3 g6 3. Bg5 Bg7 4. Nbd2 O-O 5. c3 d6 6. e4 c5 7. dxc5 dxc5 8. Bc4 Nc6 9. O-O Qc7 10. Qe2 h6 11. Bxf6 exf6 12. Nh4 g5 13. Nf5 Bxf5 14. exf5 Qf4 15. Ne4 Rae8 16. Rae1 Qxf5 17. f4 gxf4 18. Qf2 Re5 19. Bd3 Ne7 20. Nxc5 Qc8 21. Ne4 Nd5 22. Qxa7 Rd8 23. Bb1 f5 24. Nf2 Re3 25. Nd3 Rde8 26. Rd1 f3 27. Rxf3 Rxf3 28. gxf3 Re2 29. Re1 Rd2 30. Qa4 Qc7 31. Qh4 Qb6+ 32. Kh1 Ne3 33. Rg1 Ng4 34. Rxg4 Rd1+ 35. Ne1 fxg4 36. Bc2 Rc1 37. Kg2 Qe3 38. Kf1 Qxf3+ 39. Qf2 Qxf2+ 40. Kxf2 Bf6 0-1

[Event "10. Goodricke Int."]
[Site "?"]
[Date "1999.02.07"]
[Round "2"]
[White "Sasikiran Krishnan"]
[Black "Fedorov Alexei"]
[Result "0-1"]
[WhiteElo "2535"]
[BlackElo "2648"]
[PlyCount "80"]
[EventDate "1999.??.??"]
[Source "www.chesslib.no"]
[SourceDate "2004.05.04"]

1. d4 Nf6 2. Nf3 g6 3. Bg5 Bg7 4. Nbd2 O-O 5. c3 d6 6. e4 c5 7. dxc5 dxc5 8. Bc4 Nc6 9. O-O Qc7 10. Qe2 h6 11. Bxf6 exf6 12. Nh4 g5 13. Nf5 Bxf5 14. exf5 Qf4 15. Ne4 Rae8 16. Rae1 Qxf5 17. f4 gxf4 18. Qf2 Re5 19. Bd3 Ne7 20. Nxc5 Qc8 21. Ne4 Nd5 22. Qxa7 Rd8 23. Bb1 f5 24. Nf2 Re3 25. Nd3 Rde8 26. Rd1 f3 27. Rxf3 Rxf3 28. gxf3 Re2 29. Re1 Rd2 30. Qa4 Qc7 31. Qh4 Qb6+ 32. Kh1 Ne3 33. Rg1 Ng4 34. Rxg4 Rd1+ 35. Ne1 fxg4 36. Bc2 Rc1 37. Kg2 Qe3 38. Kf1 gxf3 39. Qf2 Qxf2+ 40. Kxf2 Bf6 0-1

[Event "Bern Open"]
[Site "Bern SUI"]
[Date "1993.??.??"]
[Round "9"]
[White "Epishin, Vladimir V"]
[Black "Van Wely, Loek"]
[Result "1/2-1/2"]
[WhiteElo "2620"]
[BlackElo "2560"]
[PlyCount "44"]
[EventDate "1993.02.??"]
[Source "www.chesslib.no"]
[SourceDate "2004.05.04"]

1. d4 Nf6 2. Nf3 g6 3. Bg5 Bg7 4. Nbd2 d6 5. e4 O-O 6. c3 Qe8 7. Be2 h6 8. Bh4 Nh5 9. O-O Nf4 10. Bc4 e5 11. Re1 Nc6 12. dxe5 dxe5 13. Qc2 Kh8 14. Rad1 f5 15. Bg3 g5 16. Bxf4 exf4 17. exf5 Bxf5 18. Bd3 Bxd3 19. Qxd3 Qf7 20. Qb5 Rab8 21. Nc4 a6 22. Qd5 Qxd5 1/2-1/2

[Event "7th Tan Chin Nam Cup, Shanghai CHN"]
[Site "?"]
[Date "2001.??.??"]
[Round "1"]
[White "Sokolov, I."]
[Black "Ni Hua"]
[Result "1-0"]
[WhiteElo "2655"]
[BlackElo "2525"]
[PlyCount "87"]
[EventDate "2001.??.??"]
[Source "www.chesslib.no"]
[SourceDate "2004.05.04"]

1. d4 Nf6 2. Nf3 g6 3. Bg5 Bg7 4. Nbd2 O-O 5. c3 d6 6. e4 Nbd7 7. Be2 e5 8. dxe5 dxe5 9. Qc2 h6 10. Bh4 c6 11. O-O Qc7 12. Rfe1 Nh5 13. a4 Bf6 14. Bxf6 Nhxf6 15. Rad1 Re8 16. Nc4 Nc5 17. b4 Ncxe4 18. Bd3 Ng5 19. Nfxe5 b5 20. Bxg6 fxg6 21. Qxg6+ Qg7 22. Qxg7+ Kxg7 23. Nd6 Re7 24. f4 Ngh7 25. axb5 cxb5 26. Nxb5 Nf8 27. Nc6 Rxe1+ 28. Rxe1 Nd5 29. Nbxa7 Kf6 30. c4 Nxb4 31. Nxb4 Rxa7 32. Re8 Ng6 33. Rxc8 Nxf4 34. g3 Ne6 35. Rc6 Ra1+ 36. Kg2 Rd1 37. h4 Ke5 38. Ra6 Kf5 39. Nd5 Rc1 40. Ne3+ Kf6 41. Ng4+ Ke7 42. Nxh6 Rxc4 43. Nf5+ Kf6 44. Ng7 1-0

[Event "Brno Morava-A"]
[Site "Brno"]
[Date "1991.??.??"]
[Round "5"]
[White "Boensch, Uwe"]
[Black "Epishin, Vladimir"]
[Result "0-1"]
[WhiteElo "2560"]
[BlackElo "2615"]
[PlyCount "80"]
[EventDate "1991.09.??"]
[Source "ChessBase"]

1. d4 Nf6 2. Nf3 g6 3. Bg5 Bg7 4. Nbd2 O-O 5. e4 d5 6. exd5 Nxd5 7. Nb3 a5 8. a4 h6 9. Bd2 b6 10. Be2 Bb7 11. O-O Nd7 12. c4 N5f6 13. Qc1 Kh7 14. Rd1 e6 15. h3 Qe7 16. Bf4 Rac8 17. Qe3 Rfe8 18. Ne5 Nxe5 19. dxe5 Nd7 20. Rd3 Rcd8 21. Rad1 Nb8 22. Nd4 Rd7 23. Nb5 Red8 24. Rxd7 Rxd7 25. Rxd7 Nxd7 26. Nxc7 Nc5 27. Nb5 Nxa4 28. Nd6 Nc5 29. b3 Bc6 30. Bg3 Kg8 31. Kh2 Bf8 32. Bd1 Qd8 33. Qf4 Qd7 34. Bc2 Nb7 35. Qd4 Qc7 36. f3 f5 37. Kh1 g5 38. Bf2 Nc5 39. f4 Qg7 40. Qd2 gxf4 0-1

[Event "HZ op"]
[Site "Vlissingen"]
[Date "2004.08.11"]
[Round "6"]
[White "Sasikiran, Krishnan"]
[Black "Stellwagen, Daniel"]
[Result "1/2-1/2"]
[WhiteElo "2666"]
[BlackElo "2509"]
[PlyCount "55"]
[EventDate "2004.08.07"]
[Source "Roberto Alvarez"]
[SourceDate "2004.08.24"]

1. d4 Nf6 2. Nf3 g6 3. Bg5 Bg7 4. Nbd2 d6 5. c3 h6 6. Bh4 g5 7. Bg3 Nh5 8. e4 e6 9. Nc4 Nc6 10. Nfd2 Nxg3 11. fxg3 Bd7 12. Bd3 h5 13. Qe2 g4 14. a4 Qg5 15. h4 gxh3 16. Rxh3 O-O-O 17. Nf3 Qe7 18. Ne3 d5 19. Rh4 dxe4 20. Rxe4 Qd6 21. Qf2 f6 22. Nc4 Qd5 23. Ne3 Qd6 24. Rd1 Kb8 25. Nc4 Qd5 26. Ne3 Qd6 27. Nc4 Qd5 28. Ne3 1/2-1/2

[Event "EUCup final 14th"]
[Site "Belgrade"]
[Date "1999.01.12"]
[Round "2"]
[White "Rozentalis, Eduardas"]
[Black "Avrukh, Boris"]
[Result "1/2-1/2"]
[WhiteElo "2575"]
[BlackElo "2600"]
[PlyCount "78"]
[EventDate "1999.01.11"]
[Source "ChessBase"]
[SourceDate "1999.04.01"]

1. d4 Nf6 2. Nf3 g6 3. Bg5 Bg7 4. Nbd2 O-O 5. e3 d6 6. c3 Nbd7 7. Bc4 Qe8 8. O-O h6 9. Bh4 e5 10. b4 Kh8 11. Bb3 Nh5 12. Nc4 f5 13. dxe5 Nxe5 14. Nfxe5 dxe5 15. f4 exf4 16. exf4 Nxf4 17. Rxf4 g5 18. Rd4 gxh4 19. Rxh4 Qe7 20. Qe1 Qf6 21. Ne5 Be6 22. Ng6+ Qxg6 23. Qxe6 Qg5 24. Rh3 Rae8 25. Qc4 Re3 26. Rxe3 Qxe3+ 27. Kh1 Qxc3 28. Qxc3 Bxc3 29. Rc1 Be5 30. b5 Rd8 31. Rd1 Rxd1+ 32. Bxd1 c5 33. bxc6 bxc6 34. Kg1 Kg7 35. Bb3 Kg6 36. Kf2 Bd4+ 37. Ke2 Kg5 38. Kd3 h5 39. Bd1 h4 1/2-1/2

[Event "London"]
[Site "London"]
[Date "1984.??.??"]
[Round "?"]
[White "Torre, Eugenio"]
[Black "Timman, Jan H"]
[Result "1/2-1/2"]
[WhiteElo "2565"]
[BlackElo "2610"]
[PlyCount "84"]
[EventDate "1984.04.??"]
[Source "ChessBase"]

1. d4 Nf6 2. Nf3 g6 3. Bg5 Bg7 4. Nbd2 c5 5. Bxf6 Bxf6 6. Ne4 Qb6 7. Nxf6+ Qxf6 8. c3 cxd4 9. Qxd4 Qxd4 10. Nxd4 Nc6 11. e3 d6 12. Be2 Bd7 13. O-O-O Rc8 14. g4 Ne5 15. Rhg1 a6 16. h4 b5 17. a3 h6 18. Rg3 Kf8 19. f4 Nc4 20. Rf1 a5 21. Bxc4 Rxc4 22. Kd2 e5 23. fxe5 dxe5 24. Nf3 Rc5 25. b4 Rd5+ 26. Kc2 Bc6 27. e4 Rd7 28. Nxe5 Bxe4+ 29. Kc1 Re7 30. Nd3 axb4 31. axb4 Ra7 32. Rf4 Bd5 33. Rd4 Bc6 34. Rd8+ Kg7 35. Rxh8 Kxh8 36. Kd2 Ra2+ 37. Ke3 Rh2 38. h5 g5 39. Ne5 Kg7 40. Nf3 Rc2 41. Kd3 Rf2 42. Ke3 Rc2 1/2-1/2

[Event "Hastings 0304 79th"]
[Site "Hastings"]
[Date "2003.12.28"]
[Round "1"]
[White "Conquest, Stuart"]
[Black "Kotronias, Vasilios"]
[Result "1/2-1/2"]
[WhiteElo "2545"]
[BlackElo "2626"]
[PlyCount "102"]
[EventDate "2003.12.28"]
[Source "ChessBase"]
[SourceDate "2004.03.30"]

1. d4 Nf6 2. Nf3 g6 3. Bg5 Bg7 4. c3 d6 5. Nbd2 O-O 6. e4 c5 7. d5 Na6 8. a4 Nc7 9. Bc4 b6 10. O-O Bb7 11. Re1 a6 12. Qc2 Re8 13. Bh4 b5 14. Bf1 e6 15. dxe6 Rxe6 16. Rad1 h6 17. e5 dxe5 18. Rxe5 Rxe5 19. Nxe5 Qe8 20. Re1 c4 21. Ndf3 Ne6 22. axb5 axb5 23. b3 cxb3 24. Qxb3 Bxf3 25. Nxf3 Qc8 26. Bxb5 Nc5 27. Qc4 Qf5 28. Bxf6 Bxf6 29. h3 Rd8 30. Re8+ Rxe8 31. Bxe8 Ne6 32. Bd7 Qb1+ 33. Kh2 Qb8+ 34. g3 Ng5 35. Nxg5 hxg5 36. Bc6 Qc7 37. Kg2 Kg7 38. Qc5 Qe5 39. Qxe5 Bxe5 40. c4 Bd4 41. Kf3 f5 42. g4 Kf6 43. Be8 Bc5 44. Ke2 fxg4 45. hxg4 Ke5 46. Bxg6 Kd4 47. f4 Kxc4 48. fxg5 Kd4 49. Kf3 Ke5 50. Kg3 Be7 51. Kh4 Kf4 1/2-1/2

[Event "New York USA"]
[Site "?"]
[Date "2004.02.03"]
[Round "2"]
[White "Ehlvest Jaan"]
[Black "Becerra Rivero Julio"]
[Result "1-0"]
[WhiteElo "2602"]
[BlackElo "2569"]
[PlyCount "97"]
[EventDate "2004.??.??"]
[Source "www.chesslib.no"]
[SourceDate "2004.05.04"]

1. d4 Nf6 2. Nf3 g6 3. Bg5 Bg7 4. e3 O-O 5. Be2 c5 6. c3 Qb6 7. Qb3 d5 8. O-O Nc6 9. Nbd2 Re8 10. Bxf6 Bxf6 11. Qxd5 cxd4 12. Nc4 Qc7 13. cxd4 Be6 14. Qb5 Red8 15. Rac1 Rac8 16. Ncd2 a6 17. Qa4 Qb6 18. Bc4 Bxc4 19. Nxc4 Qb4 20. Qxb4 Nxb4 21. Nb6 Rxc1 22. Rxc1 Rd6 23. Rc8+ Kg7 24. Nc4 Rd7 25. g4 b5 26. Nce5 Rb7 27. a3 Nd5 28. Nd3 e6 29. Kf1 a5 30. Nc5 Ra7 31. Ke2 a4 32. Rb8 b4 33. axb4 a3 34. bxa3 Rxa3 35. Rb7 Kg8 36. b5 Ra2+ 37. Kf1 Rb2 38. g5 Rb1+ 39. Kg2 Be7 40. Ne5 Rb2 41. Kf3 Bxg5 42. Nxf7 Bh4 43. Nh6+ Kh8 44. Nxe6 Rxf2+ 45. Kg4 Nxe3+ 46. Kxh4 Rxh2+ 47. Kg3 Nf1+ 48. Kf4 Rh4+ 49. Ke5 1-0

[Event "Camp. russo a squadre 2007"]
[Site "Sochi RUS"]
[Date "2007.05.06"]
[Round "5"]
[White "Ibragimov, I."]
[Black "Kurnosov, I."]
[Result "0-1"]
[WhiteElo "2602"]
[BlackElo "2566"]
[PlyCount "64"]
[EventDate "2007.05.02"]
[Source "www.chesslib.no"]
[SourceDate "2004.05.04"]

1. d4 Nf6 2. Nf3 g6 3. Bg5 Bg7 4. Nbd2 O-O 5. e4 d5 6. exd5 Nxd5 7. Nb3 Bf5 8. Bd3 h6 9. Bxf5 hxg5 10. Be4 f5 11. Bxd5+ Qxd5 12. O-O g4 13. Ne5 Bxe5 14. dxe5 Rd8 15. Qe2 Nc6 16. Rfe1 b6 17. Qe3 Qe6 18. f4 gxf3 19. Qxf3 Rd5 20. c4 Rd7 21. Qf4 Nb4 22. Re2 Rad8 23. Nd2 Nd3 24. Qe3 Qxe5 25. Qg5 Qf6 26. Qh6 Qd4+ 27. Kh1 Qg4 28. h3 Qh5 29. Qxh5 gxh5 30. Nf3 Kg7 31. Ne5 Nxe5 32. Rxe5 Rd1+ 0-1